Szczegóły MARC21

Goethes und Schillers Urteile ueber ihre poetischen Werke auf Grund des Briefwechsels der Dichter mit Beruecksichtigung der Biographien des XX Jahrhunderts = Opinie Goethego i Schillera o swych dziełach na podstawie wymiany korespondencji poetów z uwzględnieniem biografii XX wieku /

003 -Nazwa inst., której nr kontr. jest w polu 001 [,]
    • @
    • Nazwa instytucji, której n kontrolny jest w polu 001
    • NUKAT
005 -DATA I CZAS OSTATNIEJ MODYFIKACJI [,]
    • @
    • pole kontrolne
    • 20241231105728.0
040 -Instytucja sporządzająca opis [ , ]
    • a
    • Instytucja, która sporządziła opis (NP)
    • GD U/Doro
    • c
    • Instytucja, która sporządziła rekord (NP)
    • GD U/Doros
    • d
    • Instytucja, która zmodyfikowała rekord (P)
    • WR U/bk
041 -Język dokumentu [1, ]
    • a
    • Język tekstu (P)
    • niemiecki
    • a
    • Język tekstu (P)
    • polski
    • h
    • Język tekstu oryginalnego i/lub pośredniego (P)
    • niemiecki
942 -Rodzaj dokumentu [ , ]
    • c
    • Rodzaj dokumentu
    • Książka
100 -Hasło główne - nazwa osobowa [1, ]
    • a
    • Nazwa osobowa (NP)
    • Głogowski, Kazimierz
    • d
    • Daty biograficzne (NP)
    • (1897-1988).
    • 9
    • KHW
    • 411865
245 -Strefa tytułu i oznaczenia odpowiedzialności [1,0]
    • a
    • Tytuł
    • Goethes und Schillers Urteile ueber ihre poetischen Werke auf Grund des Briefwechsels der Dichter mit Beruecksichtigung der Biographien des XX Jahrhunderts = Find
    • b
    • Ciąg dalszy tytułu (NP)
    • Opinie Goethego i Schillera o swych dziełach na podstawie wymiany korespondencji poetów z uwzględnieniem biografii XX wieku / Find
    • c
    • Pozostałe elementy strefy tytułu i oznaczenia odpowiedzialności (NP)
    • Kazimierz Głowacki ; [tł. pracy Anna Różańska].
246 -Wariant tytułu [3,1]
    • a
    • Tytuł (NP)
    • Opinie Goethego i Schillera o swych dziełach na podstawie wymiany korespondencji poetów z uwzględnieniem biografii XX wieku
260 -Strefa adresu wydawniczego [ , ]
    • a
    • Miejsce wydania (P)
    • Warszawa :
    • b
    • Nazwa wydawcy (P)
    • [s.n.],
    • c
    • Data wydania (P)
    • 2012.
300 -Strefa opisu fizycznego [ , ]
    • a
    • Określenie formy książki i/lub objętość (NP)
    • X, 159, [2], 157 s. ;
    • c
    • Format (NP)
    • 23 cm.
336 -Typ zawartości [ , ]
    • a
    • Termin opisujący typ zawartości
    • Tekst
    • b
    • Kod określający zawartość
    • txt
    • 2
    • Źródło (terminu i kodu)
    • rdacontent
337 -Typ mediów [ , ]
    • a
    • Tryb odtwarzania
    • Bez urządzenia pośredniczącego
    • b
    • Kod typu mediów
    • n
    • 2
    • Źródło (terminu i kodu)
    • rdamedia
338 -Typ/rodzaj nośnika [ , ]
    • a
    • Hasło opisujące typ nośnika
    • Wolumin
    • b
    • Kod typu nośnika
    • nc
    • 2
    • Źródło (terminu i kodu)
    • rdacarrier
500 -Uwaga ogólna [ , ]
    • a
    • Uwaga ogólna (NP)
    • Oryginał pracy znajduje się w Archiwum Uniwersytetu im. Adama Mickiewicza w Poznaniu pod sygnaturą 429.
502 -Uwaga dot. dysertacji [ , ]
    • a
    • Uwaga dot. dysertacji
    • Praca doktorska. Uniwersytet Poznański, 1928.
504 -Uwaga dot. bibliogr. załącznikowej [ , ]
    • a
    • Uwaga dot. bibliografii załącznikowej
    • Bibliogr. s. 156-159; 152-156.
534 -Uwaga dot. podstawy reprodukcji [ , ]
    • p
    • Określenie wprowadzające
    • Repr., oryg.:
    • c
    • Adres wydawniczy oryginału
    • 1928.
600 -Hasło przedmiotowe w formie nazwy osobowej [1,7]
    • a
    • Nazwa osobowa
    • Goethe, Johann Wolfgang von
    • d
    • Daty związane z nazwą
    • (1749-1832)
    • x
    • Określnik rzeczowy
    • korespondencja
    • v
    • Określnik formalny
    • rozprawy akademickie.
    • 2
    • Źródło terminu
    • kaba
    • 9
    • KHW
    • 411742
600 -Hasło przedmiotowe w formie nazwy osobowej [1,7]
    • a
    • Nazwa osobowa
    • Schiller, Friedrich
    • d
    • Daty związane z nazwą
    • (1759-1805)
    • x
    • Określnik rzeczowy
    • korespondencja
    • v
    • Określnik formalny
    • rozprawy akademickie.
    • 2
    • Źródło terminu
    • kaba
    • 9
    • KHW
    • 411741
700 -Hasło dodatkowe - nazwa osobowa [1, ]
    • a
    • Nazwa osobowa (NP)
    • Różańska, Anna Find
    • c
    • Dopowiedzenie inne niż daty biograficzne (NP)
    • (tłumacz).
    • e
    • Określenie rodzaju współpracy
    • Tł.
    • 9
    • KHW
    • 411864
Lokalizacja Data inwentaryzacji Numer inwentarzowy Status udost. Sygnatura
BM2015-09-08G.189211GERM.Literatura niemieckojęz. 64